00360nam a2200121Ia 4500008004000000041000800040082001100048100005100059245006800110260004200178300001200220440000600232210210b1940 xxu||||| |||| 00| 0 eng d aeng a030/27 aCRAIGIE (William A) and HULBERT (James R). Ed. aDictionary of American english on historical principles. Vol.2. aLondonbOxford University Pressc1940 aix,1268 a2